Statistics for X-Men Quizzes 3: Changeling

Click here to take the quiz!

General Stats

  • This quiz has been taken 12 times
  • The average score is 4 of 9

Answer Stats

HintAnswer% Correct
What colour is his face?Grey / White
100%
In X-Men: TAS, what is his codename?Morph
82%
What is his mutant ability?Shapeshifting
82%
In X-Men: TAS, who is his best friend?Wolverine / Logan
82%
In X-Men ‘97, what does he identify as?Non-Binary
55%
What is his real name?Kevin Sydney
27%
Who raised him from the dead as a zombie?Black Talon
9%
What evil organisation did he originally work for?Factor 3
9%
He was killed when trying to stop who from invading?Z’Nox
0%

Score Distribution

Percentile by Number Answered

Percent of People with Each Score

Your Score History

You have not taken this quiz